Normal view
MARC view
Entry Personal Name
001 - CONTROL NUMBER
- control field: 162676
003 - CONTROL NUMBER IDENTIFIER
- control field: OSt
005 - DATE AND TIME OF LATEST TRANSACTION
- control field: 20220923212643.0
008 - FIXED-LENGTH DATA ELEMENTS
- fixed length control field: 220923|| aca||aabn | a|a d
040 ## - CATALOGING SOURCE
- Original cataloging agency: OSt
- Transcribing agency: OSt
100 ## - HEADING--PERSONAL NAME
- Personal name: चतुर्वेदी, पुरूषोत्तम शर्मा
670 ## - SOURCE DATA FOUND
- Source citation: Work cat.: (OSt)310522: चतुर्वेदी, पुरूषोत्तम शर्मा, हिन्दी रसगंगाघर, संपा महादेव शास्त्री, 1956
